000 00265nam a2200109 a 4500
008 111125s2002|||| d
100 1 _aRichard, Jack
245 1 0 _aYellowstone country
260 _bRoberts Rinehart
_aLondýn
_c2002
020 _c100
044 _axo
_cSK
999 _c18329
_d18329